|
|
|
|
| LEADER |
00000nab a2200000 a 4500 |
| 001 |
vtls000325543 |
| 003 |
SK-MaSNL |
| 005 |
20260318123422.0 |
| 008 |
230223c1988 xo 0 eng |
| 015 |
|
|
|a SNBRB19rr/mm-uuuuu
|
| 035 |
|
|
|a CL0325665
|
| 035 |
|
|
|a urn:nbn:sk:snk-ab6yyr
|
| 035 |
|
|
|a (uuid)16fcae54-fa45-4c57-986f-d0815e0d90b4
|
| 035 |
|
|
|a (urnnbn)urn:nbn:sk:snk:ar-a06bn9
|
| 035 |
|
|
|a (sysno)vtls000325543
|
| 040 |
|
|
|a SNKBUCL
|b slo
|c SNKBUCL
|e AACR2
|
| 041 |
0 |
|
|a eng
|
| 044 |
|
|
|a xo
|c SK
|
| 080 |
|
|
|a 616.62-006
|2 1981
|
| 100 |
1 |
|
|a Vodvářka, Pavel,
|d 1953-
|4 aut
|9 107478
|
| 245 |
1 |
0 |
|a Bacterial infection of urine in patients with bladder Cancer
|c P. Vodvářka, J. Jančová
|
| 300 |
|
|
|b Tb. 5., lit. 40 zázn. v češ., angl., nem.
|
| 650 |
0 |
7 |
|a nádory močového mechúra
|2 snkbucl
|9 20101
|
| 655 |
|
7 |
|a články z novín a časopisov
|2 snkbucl
|9 267496
|
| 700 |
1 |
|
|a Jančová, J.
|4 aut
|9 1258633
|
| 773 |
0 |
|
|t Neoplasma
|g Roč. 35, č. 2 (1988), s. 243-250
|
| 850 |
|
|
|a Slovenská národná knižnica v Martine
|a MTA001
|
| 852 |
|
|
|a SNK
|b KIS3GCP
|
| 958 |
|
|
|a RK
|
| 958 |
|
|
|a ME
|
| 958 |
|
|
|a CZ
|
| 958 |
|
|
|a NB
|
| 958 |
|
|
|a OND
|
| 958 |
|
|
|a EUIPO
|
| 958 |
|
|
|a article27
|
| 992 |
|
|
|a RBX
|
| 999 |
|
|
|c 2634485
|d 2636415
|